000 00898nas a2200301 4500
001 BR0902563
003 BR-BrBNA
005 20231205113346.0
007 ta
008 230509b bl.|||p| |||| 00| 00por d
040 _aBR-BrBNA
_bpor
_cBiblioteca Nacional de Agricultura
041 _a(Pt)
072 _aF04
100 1 _aVillas Bõas, R.L.
100 1 _aLima, C.P. de
100 1 _aBackes, C.
100 1 _aGodoy, L.J.G. de
100 1 _aImaizumi, I.
245 1 _aAdubações fosfatada e potássica afetando a produção de bulbos de alho
650 _aALHO
650 _aBULBO
650 _aFERTILIZANTE FOSFATADO
650 _aADUBAÇÃO
773 0 _tRevista Ceres (Brazil)
_xISSN 0034-737X
_g(Nov-Dec 2008), v. 55(6) p. 605-609
_wBR0902563
856 4 0 _uhttp://www.aprh.pt/rgci/pdf/rgci-155_Borges.pdf
909 _a202311
_bLúcia
_c55
_dLúcia Elande
942 _2AGRIS
_n0
_cANA
999 _c203347
_d203347